| 000 | 00807nam a22003130a 4500 | ||
|---|---|---|---|
| 001 | PT28349 | ||
| 003 | AR-LpoUNG | ||
| 005 | 20210131233426.0 | ||
| 008 | 191001s2005||||ag |||||||||||||||||spa d | ||
| 020 |
_a9506145032 _c$26,75 |
||
| 040 |
_aAR-LpoUNG _bspa _cAR-LpoUNG _eaacr |
||
| 041 | _aspa | ||
| 082 | 0 | _a982.062 811cua | |
| 100 | 1 | _aHorowicz, Alejandro | |
| 245 | 1 | 4 | _aLos cuatro peronismos |
| 260 |
_as.l. _bHyspamérica, _c2005. |
||
| 300 |
_a268 p. : _bil., gráfs., tbls., mapas. |
||
| 650 | 4 | _aANALISIS HISTORICO | |
| 650 | 4 | _aARGENTINA | |
| 650 | 4 | _aHISTORIA | |
| 650 | 4 | _aHISTORIA POLITICA | |
| 650 | 4 | _aHISTORIA SOCIAL | |
| 650 | 4 | _aPENSAMIENTO POLITICO | |
| 650 | 4 | _aPOLITICA | |
| 653 | _aINVESTIGACION HISTORICA | ||
| 653 | _aPERONISMO | ||
| 905 | _a28349 | ||
| 942 | _cLIB | ||
| 999 |
_c20555 _d20555 |
||